000 00293nam a2200109 a 4500
008 101214s1983|||| d
245 1 0 _aInformatická príprava žiakov škôl II. cyklu
260 _bKrajská knižnica Košice
_aKošice
_c1983
020 _c10
041 _aslo
044 _axo
_cSK
999 _c15224
_d15224